00422nam a2200109Ia 4500008004100000100001600041245008500057260003600142650001300178650007700191856004400268171212s9999 xx 000 0 und d aSato, Ryuzo cSato, RyuzoaThe Chrysanthemum and the EaglebThe Future of U.S.-Japan Relations bNew York University Pressc1994 aBusiness aUnited States -- Relations -- Japan; Japan -- Relations -- United States uhttp://www.jstor.org/stable/j.ctt9qfsnv